Statistics for Languages of Europe

Click here to take the quiz!

General Stats

  • This quiz has been taken 51 times
  • The average score is 24 of 31

Answer Stats

WordsAnswer% Correct
Red, orange, yellowEnglish
100%
Rot, orange, gelbGerman
96%
Rood, oranje, geelDutch
93%
Rojo, naranja, amarilloSpanish
91%
Rouge, orange, jauneFrench
89%
Rosso, arancione, gialloItalian
89%
Rød, oransje, gulNorwegian
89%
Rött, orange, gultSwedish
89%
Rød, orange, gulDanish
87%
Κόκκινο, πορτοκαλί, κίτρινοGreek
87%
Czerwony, pomarańczowy, żółtyPolish
87%
Vermelho, laranja, amareloPortuguese
85%
Roșu, portocaliu, galbenRomanian
83%
Rauður, appelsínugulur, gulurIcelandic
80%
Красный, оранжевый, желтыйRussian
80%
Červená, oranžová, žlutáCzech
78%
Červená, oranžová, žltáSlovak
76%
Crvena, narančasta, žutaCroatian
74%
Punainen, oranssi, keltainenFinnish
72%
Crvena, narandžasta, žutaBosnian
70%
Червено, оранжево, жълтоBulgarian
70%
Piros, narancs, sárgaHungarian
70%
Rdeča, oranžna, rumenaSlovenian
70%
Червоний, оранжевий, жовтийUkrainian
70%
Punane, oranž, kollaneEstonian
67%
Raudona, oranžinė, geltonaLithuanian
67%
Црвена, наранџаста, жутаSerbian
67%
E kuqe, portokalli, e verdhëAlbanian
65%
Sarkans, oranžs, dzeltensLatvian
65%
Црвена, портокалова, жолтаMacedonian
57%
Чырвоны, аранжавы, жоўтыBelarussian
54%

Score Distribution

Percentile by Number Answered

Percent of People with Each Score

Your Score History

You have not taken this quiz